[Event "Summer TNM"]
[Site "San Francisco"]
[Date "2006.06.13"]
[Round "2"]
[White "Sanguinetti, George"]
[Black "Capdeville, Barry"]
[Result "1-0"]
[WhiteElo "1959"]
[BlackElo "1186"]
[PlyCount "77"]
[EventDate "2006.06.06"]
[EventType "swiss"]
[EventRounds "8"]
[EventCountry "USA"]

1. e4 e5 2. f4 exf4 3. Bc4 Be7 4. d4 Bh4+ 5. Kf1 Nf6 6. Nc3 d6 7. Bxf4 O-O 8.
g3 Bg4 9. Qd2 Nxe4 10. Nxe4 d5 11. gxh4 dxc4 12. Bg3 Qd5 13. Re1 Nc6 14. c3 f5
15. Nf2 Rf7 16. h3 Bh5 17. Qg5 Bf3 18. Nxf3 Qxf3 19. Bf4 Rf6 20. h5 Raf8 21.
Rg1 R6f7 22. Be5 Nxe5 23. Rxe5 Qc6 24. Qf4 Qd7 25. h4 h6 26. Qxh6 Rf6 27. Rg6
R8f7 28. Qf4 Rxg6 29. hxg6 Rf6 30. h5 Qd6 31. Re8+ Rf8 32. Qxd6 cxd6 33. Re7
Rf6 34. Nh3 Kf8 35. Re2 f4 36. Ng5 Rf5 37. Nh7+ Kg8 38. Re8+ Rf8 39. Rxf8# 1-0

[Event "Summer TNM"]
[Site "San Francisco"]
[Date "2006.06.13"]
[Round "2"]
[White "Smelansky, Vadim"]
[Black "Adkins, Rico"]
[Result "0-1"]
[WhiteElo "1789"]
[BlackElo "1629"]
[PlyCount "97"]
[EventDate "2006.06.06"]
[EventType "swiss"]
[EventRounds "8"]
[EventCountry "USA"]

1. e4 d5 2. exd5 Nf6 3. c4 e6 4. d4 exd5 5. c5 Bg4 6. f3 Bf5 7. Bd3 Bxd3 8.
Qxd3 Nc6 9. Ne2 Be7 10. O-O O-O 11. Ng3 Re8 12. Bf4 Nd7 13. Nc3 Nxd4 14. Be3
Ne6 15. Nxd5 Bxc5 16. Bxc5 Ndxc5 17. Qf5 c6 18. Nc3 Qd4+ 19. Kh1 Nd3 20. Nge4
Nxb2 21. Rab1 Qd3 22. Rf2 Nd4 23. Qc5 Na4 24. Qb4 Nxc3 25. Nxc3 Qe3 26. Rff1 b6
27. Ne4 c5 28. Qc4 Rad8 29. Rbe1 Qh6 30. f4 Qe6 31. Qa4 Nc6 32. f5 Qc8 33. Rd1
Qc7 34. f6 Rxd1 35. Rxd1 Rd8 36. Rf1 Rd4 37. Qc2 Qe5 38. Ng3 g6 39. Qf2 Rd6 40.
h4 h5 41. Qf3 Qd5 42. Qe3 Qe5 43. Qf3 Qd4 44. Ne4 Re6 45. Re1 Qb4 46. Qe3 Nd4
47. a3 Qa5 48. Rd1 Qa4 49. Ra1 0-1

[Event "Summer TNM"]
[Site "San Francisco"]
[Date "2006.06.13"]
[Round "2"]
[White "Snyder, Larry"]
[Black "Bacelar, Erickson"]
[Result "1-0"]
[WhiteElo "2042"]
[BlackElo "1749"]
[PlyCount "35"]
[EventDate "2006.06.06"]
[EventType "swiss"]
[EventRounds "8"]
[EventCountry "USA"]

1. e4 e6 2. d4 d5 3. Nd2 dxe4 4. Nxe4 Be7 5. Nf3 Nf6 6. Bd3 Nxe4 7. Bxe4 c5 8.
O-O Nd7 9. c3 cxd4 10. Nxd4 Nc5 11. Bf3 e5 12. Nb5 Qxd1 13. Rxd1 O-O 14. Be3 a6
15. Nc7 Rb8 16. b4 Ne6 17. Ba7 Nxc7 18. Bxb8 1-0

[Event "Summer TNM"]
[Site "San Francisco"]
[Date "2006.06.13"]
[Round "2"]
[White "Standen, Julian"]
[Black "Salinas, Chad"]
[Result "0-1"]
[WhiteElo "1742"]
[BlackElo "1965"]
[PlyCount "64"]
[EventDate "2006.06.06"]
[EventType "swiss"]
[EventRounds "8"]
[EventCountry "USA"]

1. d4 e6 2. Nf3 d5 3. Bg5 Nf6 4. Nbd2 Be7 5. Bxf6 Bxf6 6. e4 c5 7. e5 Be7 8. c3
Nc6 9. Bd3 Qb6 10. Qb3 Qxb3 11. axb3 cxd4 12. cxd4 Nb4 13. Bb5+ Bd7 14. Bxd7+
Kxd7 15. Ke2 Rhc8 16. Rhc1 Nc2 17. Rab1 Rc6 18. Kd1 Rac8 19. Nf1 Bd8 20. Ne3
Nb4 21. Ne1 Bb6 22. Rxc6 Nxc6 23. N3c2 Nxd4 24. Nxd4 Bxd4 25. f4 Be3 26. Nd3 g5
27. g3 gxf4 28. Nxf4 d4 29. Ra1 a6 30. Ra4 h5 31. b4 Kc6 32. Ra1 Kb5 0-1

[Event "Summer TNM"]
[Site "San Francisco"]
[Date "2006.06.13"]
[Round "2"]
[White "Starr, Albert"]
[Black "Gray, William"]
[Result "0-1"]
[WhiteElo "1555"]
[BlackElo "2021"]
[PlyCount "110"]
[EventDate "2006.06.06"]
[EventType "swiss"]
[EventRounds "8"]
[EventCountry "USA"]

1. b4 e5 2. b5 d5 3. e3 Nf6 4. Bb2 Bd6 5. Nf3 Nbd7 6. Be2 O-O 7. O-O Re8 8. d3
Nf8 9. Nbd2 Bg4 10. c4 c6 11. a4 Qe7 12. a5 e4 13. Nd4 Qe5 14. g3 Bxe2 15. Qxe2
c5 16. f4 exf3 17. N2xf3 Qh5 18. Nc2 d4 19. Bc1 N8d7 20. Qg2 dxe3 21. Bxe3 Ng4
22. Rae1 Qg6 23. d4 Nxe3 24. Nxe3 cxd4 25. Nd5 d3 26. Nd2 h5 27. Ne4 Nc5 28.
Nxd6 Qxd6 29. Qf3 Qd7 30. Qxh5 d2 31. Rd1 Ne4 32. Qf5 Qxf5 33. Rxf5 Rac8 34.
Ne3 Nc3 35. Rxd2 Rxe3 36. Rd7 f6 37. Rxb7 Rd8 38. Rxa7 Rd2 39. Rf2 Rd4 40. Rc7
Ne4 41. a6 Nxf2 42. Kxf2 Ra3 43. a7 Rd2+ 44. Ke1 Rda2 45. b6 Rb3 46. Rd7 Rxb6
47. Rd8+ Kh7 48. a8=Q Rb1+ 49. Rd1 Rxd1+ 50. Kxd1 Rxa8 51. Kd2 Kg6 52. Kd3 Kf5
53. h3 Ke5 54. Kc3 Ke4 55. Kb4 Kd4 0-1

[Event "Summer TNM"]
[Site "San Francisco"]
[Date "2006.06.13"]
[Round "2"]
[White "Todortsev, Victor"]
[Black "Tuvshintugs, Batchimeg"]
[Result "0-1"]
[WhiteElo "1936"]
[BlackElo "2268"]
[PlyCount "37"]
[EventDate "2006.06.06"]
[EventType "swiss"]
[EventRounds "8"]
[EventCountry "USA"]

1. e4 c5 2. Nf3 Nc6 3. d4 cxd4 4. Nxd4 Nf6 5. Nc3 e5 6. Nf5 d5 7. Ng3 d4 8. Na4
Qa5+ 9. c3 b5 10. Nc5 Bxc5 11. b4 Nxb4 12. cxb4 Bxb4+ 13. Bd2 Bb7 14. f3 Bxd2+
15. Qxd2 Qxd2+ 16. Kxd2 Ke7 17. Bd3 Ne8 18. Rhc1 Nd6 19. Rc7+ {
remainder illegible} 0-1

[Event "Summer TNM"]
[Site "San Francisco"]
[Date "2006.06.13"]
[Round "2"]
[White "Whalley, Martin"]
[Black "Traub, Igor"]
[Result "0-1"]
[WhiteElo "1830"]
[BlackElo "2054"]
[PlyCount "38"]
[EventDate "2006.06.06"]
[EventType "swiss"]
[EventRounds "8"]
[EventCountry "USA"]

1. d4 d5 2. c4 c6 3. cxd5 cxd5 4. Nf3 Nf6 5. Nc3 Nc6 6. e3 Bf5 7. a3 e6 8. h3
Bd6 9. Nh4 Be4 10. Bd3 Rc8 11. O-O g5 12. Nf3 g4 13. hxg4 Nxg4 14. Bxe4 dxe4
15. Nxe4 Bb8 16. Qb3 Qc7 17. Rd1 Ne7 18. Qb5+ Kf8 19. Qh5 Qc2 0-1

[Event "Summer TNM"]
[Site "San Francisco"]
[Date "2006.06.13"]
[Round "2"]
[White "Wong, Russell"]
[Black "Chillakanti, Mukund"]
[Result "1-0"]
[WhiteElo "2200"]
[BlackElo "1643"]
[PlyCount "51"]
[EventDate "2006.06.06"]
[EventType "swiss"]
[EventRounds "8"]
[EventCountry "USA"]

1. e4 c6 2. d4 d5 3. Nc3 dxe4 4. Nxe4 Bf5 5. Ng3 Bg6 6. Nf3 Nd7 7. h4 h6 8. h5
Bh7 9. c4 e6 10. Bd2 Ngf6 11. Bc3 Be7 12. Bd3 Bxd3 13. Qxd3 Qc7 14. O-O-O O-O
15. Kb1 c5 16. d5 exd5 17. Nf5 Bd6 18. cxd5 c4 19. Qd4 b5 20. Qh4 Rac8 21.
Nxh6+ Kh8 22. Ng4 Nxg4 23. Qxg4 Ne5 24. Nxe5 Bxe5 25. a3 Qc5 26. h6 1-0

[Event "Summer TNM"]
[Site "San Francisco"]
[Date "2006.06.20"]
[Round "3"]
[White "Adkins, Rico"]
[Black "Standen, Julian"]
[Result "1-0"]
[WhiteElo "1629"]
[BlackElo "1742"]
[PlyCount "103"]
[EventDate "2006.06.06"]
[EventType "swiss"]
[EventRounds "8"]
[EventCountry "USA"]

1. Nf3 d5 2. c4 c6 3. b3 Nf6 4. e3 Bg4 5. Qc2 Bxf3 6. gxf3 e6 7. Bb2 Be7 8. Rg1
Rg8 9. Bd3 b6 10. cxd5 cxd5 11. Bb5+ Nbd7 12. Bc3 Rc8 13. Qb2 a6 14. Be2 Qc7
15. Rg2 b5 16. b4 Kf8 17. Na3 Ne8 18. Rc1 Qd8 19. Nc2 Nd6 20. a4 Nc4 21. Qb3
Bf6 22. axb5 axb5 23. Bxf6 Nxf6 24. Nd4 Qb6 25. d3 Nd6 26. Rxc8+ Nxc8 27. Qc3
Nd6 28. Nxe6+ Ke7 29. Nf4 d4 30. Qc5 Qxc5 31. bxc5 Nf5 32. e4 Nh4 33. Rg5 Rc8
34. Nd5+ Nxd5 35. Rxd5 Ng2+ 36. Kd2 Nf4 37. Rxd4 Rxc5 38. Rb4 Rh5 39. Ke3 Nxe2
40. Kxe2 Rxh2 41. Rxb5 h5 42. Rg5 Rh1 43. f4 Ra1 44. Ke3 Re1+ 45. Kd2 Rf1 46.
Ke2 Ra1 47. Kf3 Ra3 48. Rd5 Rb3 49. Kg2 Rb2 50. Kf3 Ke6 51. Ke3 Rb1 52. f5+ {
remainder illegible} 1-0

[Event "Summer TNM"]
[Site "San Francisco"]
[Date "2006.06.20"]
[Round "3"]
[White "Bacelar, Erickson"]
[Black "Dunham, Tom"]
[Result "1-0"]
[WhiteElo "1749"]
[BlackElo "1495"]
[PlyCount "87"]
[EventDate "2006.06.06"]
[EventType "swiss"]
[EventRounds "8"]
[EventCountry "USA"]

1. d4 d5 2. Nf3 Nf6 3. c4 c6 4. cxd5 cxd5 5. Nc3 Nc6 6. Bf4 a6 7. h3 e6 8. Rc1
Nh5 9. Bh2 Bd6 10. e3 Bxh2 11. Nxh2 Nf6 12. Bd3 O-O 13. Ng4 Nb4 14. Bb1 Nc6 15.
Qc2 g6 16. f4 Ne8 17. h4 f5 18. Ne5 Nxe5 19. fxe5 Ng7 20. Ne2 Bd7 21. Kf2 Rc8
22. Qd2 Qe7 23. g3 Rc6 24. Rxc6 Bxc6 25. Nf4 Rc8 26. Rc1 Qe8 27. Bd3 Kf7 28.
Be2 Rc7 29. Nh3 Kg8 30. Qd1 Qc8 31. h5 Be8 32. Rxc7 Qxc7 33. h6 Nh5 34. Bxh5
gxh5 35. Nf4 Qb6 36. Qe2 Qc6 37. Kg2 Qc4 38. Kh3 Qxe2 39. Nxe2 Kf8 40. Kh4 Bf7
41. Kg5 Be8 42. Kf6 Bd7 43. Nf4 Kg8 44. Nxe6 1-0

[Event "Summer TNM"]
[Site "San Francisco"]
[Date "2006.06.20"]
[Round "3"]
[White "Bayaraa, Bekhtur"]
[Black "Hilliard, Michael"]
[Result "0-1"]
[WhiteElo "1596"]
[BlackElo "1400"]
[PlyCount "84"]
[EventDate "2006.06.06"]
[EventType "swiss"]
[EventRounds "8"]
[EventCountry "USA"]

1. e4 c6 2. Nf3 d5 3. exd5 cxd5 4. d4 Bf5 5. c4 Nf6 6. Nc3 e6 7. cxd5 Nxd5 8.
Bb5+ Nc6 9. Ne5 Qb6 10. Qa4 Rc8 11. O-O Bd6 12. Nc4 Qc7 13. Nxd6+ Qxd6 14. Nxd5
Qxd5 15. Bxc6+ Qxc6 16. Qa3 Qa6 17. b3 Qxa3 18. Bxa3 f6 19. d5 exd5 20. Rfe1+
Kf7 21. Re7+ Kg6 22. Rxb7 a6 23. f3 h5 24. Be7 d4 25. Rd1 d3 26. h3 h4 27. a4
Rc2 28. Bb4 Rd8 29. Rd2 Re8 30. Rxc2 dxc2 31. Rc7 Rd8 32. Kf2 Rd1 33. Ba3 Rd2+
34. Ke3 Rxg2 35. b4 Bxh3 36. b5 axb5 37. axb5 Be6 38. b6 h3 39. b7 h2 40. b8=Q
h1=Q 41. Qe8+ Kh7 42. Qc6 Qe1+ 0-1

[Event "Summer TNM"]
[Site "San Francisco"]
[Date "2006.06.20"]
[Round "3"]
[White "Bertot, German"]
[Black "Smelansky, Vadim"]
[Result "0-1"]
[WhiteElo "1439"]
[BlackElo "1789"]
[PlyCount "36"]
[EventDate "2006.06.06"]
[EventType "swiss"]
[EventRounds "8"]
[EventCountry "USA"]

1. d4 d5 2. c4 Bf5 3. Nc3 e6 4. Nf3 Nf6 5. Bg5 Bb4 6. e3 O-O 7. cxd5 exd5 8.
Qb3 Bxc3+ 9. bxc3 Nbd7 10. Qxb7 c5 11. Qb5 Rb8 12. Qa4 cxd4 13. cxd4 Qc7 14.
Qa3 Qc2 15. Qc1 Qa4 16. Qd2 Ne4 17. Qc1 Qb4+ 18. Ke2 Nc3+ 0-1

[Event "Summer TNM"]
[Site "San Francisco"]
[Date "2006.06.20"]
[Round "3"]
[White "Braden, Brian"]
[Black "Mar, Henry"]
[Result "0-1"]
[WhiteElo "1135"]
[BlackElo "1538"]
[PlyCount "72"]
[EventDate "2006.06.06"]
[EventType "swiss"]
[EventRounds "8"]
[EventCountry "USA"]

1. e4 e6 2. Nf3 b6 3. Nc3 Ba6 4. Be2 d6 5. O-O Bxe2 6. Qxe2 Nf6 7. d4 Be7 8.
Bf4 O-O 9. Rad1 Nh5 10. Qe3 Nxf4 11. Qxf4 h6 12. e5 f5 13. Qg3 d5 14. Ne2 c5
15. Nf4 Qd7 16. c3 Nc6 17. Ng6 Rf7 18. Nf4 Bf8 19. Nh5 Be7 20. Qg6 Re8 21. a3
Bd8 22. h3 Ref8 23. b4 c4 24. b5 Ne7 25. Nf6+ Rxf6 26. Qg3 f4 27. Qh2 R6f7 28.
a4 Ng6 29. Kh1 Bh4 30. Rg1 Bxf2 31. g3 Bxg1 32. Rxg1 fxg3 33. Rxg3 Nf4 34. h4
Nh5 35. Rh3 Rxf3 36. Rxf3 Rxf3 0-1

[Event "Summer TNM"]
[Site "San Francisco"]
[Date "2006.06.20"]
[Round "3"]
[White "Brown, Nicholas"]
[Black "Grey, Peter"]
[Result "0-1"]
[WhiteElo "1460"]
[BlackElo "2000"]
[PlyCount "108"]
[EventDate "2006.06.06"]
[EventType "swiss"]
[EventRounds "8"]
[EventCountry "USA"]

1. d4 Nf6 2. c4 g6 3. Nc3 d5 4. Nf3 Bg7 5. cxd5 Nxd5 6. e4 Nxc3 7. bxc3 c5 8.
Be3 Qa5 9. Qd2 Nc6 10. e5 O-O 11. Be2 Rd8 12. O-O cxd4 13. Bxd4 Nxd4 14. cxd4
Qxd2 15. Nxd2 Rxd4 16. Nf3 Rd8 17. Rac1 Be6 18. Rc7 Rd7 19. Rxd7 Bxd7 20. Bc4
e6 21. Re1 Rc8 22. Bb3 Kf8 23. h3 Rc5 24. Re4 Bc6 25. Re3 Ke7 26. Nd4 Bxe5 27.
Nxc6+ bxc6 28. g3 h5 29. Ba4 Bf6 30. Kg2 Bc3 31. Bb3 Ba5 32. Re4 Rc3 33. Rc4
Rxc4 34. Bxc4 Kd6 35. Kf3 Kc5 36. Bb3 Kb4 37. Ke4 Bb6 38. f3 Bc7 39. g4 hxg4
40. fxg4 f5+ 41. gxf5 gxf5+ 42. Kf3 e5 43. h4 e4+ 44. Ke3 Bb6+ 45. Kf4 e3 46.
Bd1 Kc3 47. Kf3 Kd2 48. Be2 Bd8 49. h5 Bg5 50. a4 a5 51. Bc4 Kc3 52. Be2 c5 53.
Bb5 c4 54. Bd7 Kd2 0-1

[Event "Summer TNM"]
[Site "San Francisco"]
[Date "2006.06.20"]
[Round "3"]
[White "Capdeville, Barry"]
[Black "Oca, Homer"]
[Result "0-1"]
[WhiteElo "1186"]
[BlackElo "1715"]
[PlyCount "60"]
[EventDate "2006.06.06"]
[EventType "swiss"]
[EventRounds "8"]
[EventCountry "USA"]

1. e4 a6 2. Nf3 h6 3. d4 d6 4. Nc3 e6 5. Be2 Nf6 6. Be3 Nc6 7. O-O b6 8. a3 g5
9. d5 exd5 10. exd5 Ne7 11. Bd4 Bg7 12. Bxf6 Bxf6 13. Nd4 Bb7 14. Bf3 O-O 15.
Be4 Bg7 16. Qh5 Bxd4 17. Qxh6 Ng6 18. Bxg6 fxg6 19. Qxg6+ Bg7 20. Rae1 Qf6 21.
Qd3 Rae8 22. Ne4 Qf5 23. c4 c6 24. f3 cxd5 25. cxd5 Qxd5 26. Qc2 Qd4+ 27. Kh1
Bxe4 28. fxe4 Rxf1+ 29. Rxf1 Qxe4 30. Qb3+ d5 0-1

[Event "Summer TNM"]
[Site "San Francisco"]
[Date "2006.06.20"]
[Round "3"]
[White "Chan, John"]
[Black "Ostrovsky, Sergey"]
[Result "0-1"]
[WhiteElo "1692"]
[BlackElo "1870"]
[PlyCount "132"]
[EventDate "2006.06.06"]
[EventType "swiss"]
[EventRounds "8"]
[EventCountry "USA"]

1. c4 Nf6 2. Nc3 g6 3. d4 Bg7 4. Nf3 O-O 5. e4 d6 6. Be2 e5 7. d5 Na6 8. O-O
Nc5 9. Bg5 h6 10. Bxf6 Qxf6 11. b4 Nd7 12. a4 a5 13. b5 Nc5 14. Rc1 Qe7 15. Re1
f5 16. exf5 gxf5 17. Nd2 e4 18. Nb3 Bxc3 19. Rxc3 Nxa4 20. Rg3+ Kh7 21. Bh5 Rf6
22. f4 Nb6 23. Qd4 a4 24. Nd2 Bd7 25. Ree3 Be8 26. Bd1 Bf7 27. Rh3 Rg8 28. Nf3
Rg7 29. Ng5+ Kg8 30. Nxf7 Kxf7 31. Bh5+ Kg8 32. Rhg3 Kh7 33. Rh3 Nd7 34. Bd1
Nc5 35. Kh1 Rfg6 36. g3 Qf8 37. Bc2 Qa8 38. Ra3 Qa5 39. Ra1 a3 40. Rh5 Rf7 41.
Bd1 Qe1+ 42. Kg2 Nd3 43. Rh4 Qd2+ 44. Kf1 e3 45. Be2 Nc1 46. Qxd2 exd2 47. Rxa3
Re7 48. Bf3 Re1+ 49. Kf2 d1=Q 50. Bxd1 Rxd1 51. Ra7 Rg7 52. Rxb7 Rd4 53. Rb8
Rxc4 54. b6 Rc5 55. b7 Rb5 56. h3 Nd3+ 57. Kf3 Nc5 58. Rf8 Rxb7 59. Rxf5 Rb3+
60. Kf2 Ne4+ 61. Ke1 Nxg3 62. Rf8 Re7+ 63. Kd1 Rd3+ 64. Kc1 Rxd5 65. Rg4 Rg7
66. Rh4 Nf5 0-1

[Event "Summer TNM"]
[Site "San Francisco"]
[Date "2006.06.20"]
[Round "3"]
[White "Chillakanti, Kartik"]
[Black "Starr, Albert"]
[Result "0-1"]
[WhiteElo "1390"]
[BlackElo "1555"]
[PlyCount "94"]
[EventDate "2006.06.06"]
[EventType "swiss"]
[EventRounds "8"]
[EventCountry "USA"]

1. d4 e6 2. c4 c5 3. d5 exd5 4. cxd5 d6 5. e4 a6 6. Nc3 g6 7. Nf3 Bg7 8. Bd3
Ne7 9. O-O O-O 10. Bf4 b5 11. Qd2 Qc7 12. Rac1 Nd7 13. a3 Bb7 14. Bh6 c4 15.
Bxg7 Kxg7 16. Bb1 Nc5 17. Rcd1 Rae8 18. e5 Bc8 19. Qd4 Nb3 20. exd6+ Nxd4 21.
dxc7 Nxf3+ 22. gxf3 Bd7 23. d6 Nc8 24. Ne4 Re5 25. Rd2 f5 26. Nc3 Rf6 27. Rfd1
Rfe6 28. f4 Re1+ 29. Rxe1 Rxe1+ 30. Kg2 Re6 31. Ba2 Rxd6 32. Rxd6 Nxd6 33. Nd5
Bc6 34. f3 Bxd5 35. Kf2 Bb7 36. Ke2 Ne8 37. a4 Nxc7 38. axb5 axb5 39. h4 Kf6
40. Bb1 Ke6 41. Bc2 Kd5 42. Bd1 Kc5 43. Kd2 Nd5 44. Kc2 Ne3+ 45. Kd2 Nxd1 46.
Kxd1 Bxf3+ 47. Kd2 Kd4 0-1

[Event "Summer TNM"]
[Site "San Francisco"]
[Date "2006.06.20"]
[Round "3"]
[White "Gray, William"]
[Black "Krasnov, Steven"]
[Result "1-0"]
[WhiteElo "2021"]
[BlackElo "1885"]
[PlyCount "51"]
[EventDate "2006.06.06"]
[EventType "swiss"]
[EventRounds "8"]
[EventCountry "USA"]

1. e4 e6 2. d4 d5 3. Nd2 a6 4. e5 c5 5. c3 Nc6 6. Ndf3 b5 7. Bd3 Qb6 8. Ne2
cxd4 9. cxd4 Bb4+ 10. Bd2 Nge7 11. O-O Bd7 12. Rc1 Rc8 13. Bxb4 Nxb4 14. Rxc8+
Bxc8 15. Bb1 O-O 16. Qd2 Nbc6 17. Qd3 g6 18. Qd2 Kg7 19. Ng3 Nf5 20. Bxf5 exf5
21. Qg5 Nxd4 22. Nh5+ Kh8 23. Qh6 Nxf3+ 24. gxf3 Rg8 25. Nf6 Rg7 26. Nxh7 1-0

[Event "Summer TNM"]
[Site "San Francisco"]
[Date "2006.06.20"]
[Round "3"]
[White "Hartsough, Chester"]
[Black "Livschitz, Jennifer"]
[Result "1-0"]
[WhiteElo "829"]
[BlackElo "1485"]
[PlyCount "94"]
[EventDate "2006.06.06"]
[EventType "swiss"]
[EventRounds "8"]
[EventCountry "USA"]

1. e4 e5 2. Nf3 Nc6 3. Bb5 a6 4. Bxc6 dxc6 5. d3 Bd6 6. a3 Bg4 7. Nc3 Ne7 8.
Bg5 f6 9. Be3 O-O 10. h3 Bh5 11. g4 Bf7 12. h4 Qd7 13. Nh2 c5 14. h5 Nc6 15.
Rg1 c4 16. h6 g6 17. Nd5 Bxd5 18. exd5 Nd4 19. dxc4 c6 20. c3 cxd5 21. cxd4
exd4 22. Qxd4 Bxh2 23. Rg2 Be5 24. Qxd5+ Qxd5 25. cxd5 Rfd8 26. f4 Bxb2 27.
Rxb2 b5 28. Rd1 Rdc8 29. d6 Rc6 30. d7 Kf7 31. Rbd2 Ke7 32. g5 Re6 33. Kf2 Rc6
34. Bd4 fxg5 35. fxg5 Rf8+ 36. Bf6+ Rcxf6+ 37. gxf6+ Rxf6+ 38. Kg2 Kd8 39. Rc1
Rf7 40. Rc8+ Ke7 41. d8=Q+ Ke6 42. Qe8+ Kf6 43. Rf2+ Kg5 44. Qxf7 Kxh6 45. Kg1
b4 46. Rh2+ Kg5 47. Rc5+ Kg4 1-0

[Event "Summer TNM"]
[Site "San Francisco"]
[Date "2006.06.20"]
[Round "3"]
[White "Jones, Ian"]
[Black "Dembling, Arthur"]
[Result "1-0"]
[WhiteElo "1835"]
[BlackElo "1674"]
[PlyCount "55"]
[EventDate "2006.06.06"]
[EventType "swiss"]
[EventRounds "8"]
[EventCountry "USA"]

1. e4 e6 2. d4 d5 3. Nc3 Nf6 4. e5 Nfd7 5. f4 c5 6. Nf3 Nc6 7. Be3 cxd4 8. Nxd4
Bc5 9. Qd2 O-O 10. g3 Nxd4 11. Bxd4 a6 12. Qe3 Qc7 13. O-O-O b5 14. Bh3 Bxd4
15. Qxd4 Nb6 16. Rhe1 Bd7 17. f5 Rac8 18. f6 gxf6 19. exf6 e5 20. Qd2 Kh8 21.
Bxd7 Nxd7 22. Nxd5 Qc4 23. Kb1 Rc5 24. Ne3 Qd4 25. Qe2 Qa4 26. Rxd7 b4 27. Qg4
Rg8 28. Qxg8+ 1-0

[Event "Summer TNM"]
[Site "San Francisco"]
[Date "2006.06.20"]
[Round "3"]
[White "Lupton, Stephen"]
[Black "Allen, Tom"]
[Result "1/2-1/2"]
[WhiteElo "1356"]
[BlackElo "1627"]
[PlyCount "80"]
[EventDate "2006.06.06"]
[EventType "swiss"]
[EventRounds "8"]
[EventCountry "USA"]

1. e4 e5 2. Bc4 Nf6 3. d3 c6 4. Nf3 d5 5. Bb3 a5 6. a4 Bd6 7. Bg5 Nbd7 8. exd5
cxd5 9. Bxd5 Qb6 10. Bb3 O-O 11. O-O Re8 12. Be3 Qc7 13. Nc3 Nc5 14. Nb5 Qd7
15. Bc4 e4 16. Ng5 Re7 17. b3 exd3 18. cxd3 h6 19. Nf3 b6 20. Bd4 Qc6 21. Bxf6
gxf6 22. Nfd4 Qd7 23. Qh5 Re5 24. Bxf7+ Qxf7 25. Qxf7+ Kxf7 26. Nxd6+ Kg6 27.
Nxc8 Rxc8 28. Rac1 Rce8 29. Nf3 Rd5 30. d4 Nxb3 31. Rb1 Nxd4 32. Nxd4 Rxd4 33.
Rxb6 Rxa4 34. Ra6 Ra2 35. g3 Ree2 36. Kg2 h5 37. h4 Kf5 38. Kf3 Reb2 39. Ra8
Ra3+ 40. Kg2 Raa2 1/2-1/2

[Event "Summer TNM"]
[Site "San Francisco"]
[Date "2006.06.20"]
[Round "3"]
[White "Nicholas, Nip"]
[Black "Kleiman, Charles"]
[Result "1/2-1/2"]
[WhiteElo "1671"]
[BlackElo "1901"]
[PlyCount "113"]
[EventDate "2006.06.06"]
[EventType "swiss"]
[EventRounds "8"]
[EventCountry "USA"]

1. e4 d5 2. exd5 Qxd5 3. Nc3 Qa5 4. Nf3 Nf6 5. d4 Bf5 6. Bd3 Bxd3 7. Qxd3 e6 8.
O-O c6 9. Bd2 Qc7 10. Rfe1 Nbd7 11. Rad1 Bd6 12. h3 O-O 13. Ne4 Nxe4 14. Qxe4
Nf6 15. Qd3 Rad8 16. Qe2 Rd7 17. c4 Rfd8 18. Bc3 b6 19. b3 h6 20. Qc2 c5 21.
dxc5 Bxc5 22. Bxf6 gxf6 23. Qe2 Qg3 24. Rxd7 Rxd7 25. b4 Bxf2+ 26. Qxf2 Qf4 27.
Qc2 Qd6 28. a3 Qd3 29. Qxd3 Rxd3 30. Rc1 Rxa3 31. c5 bxc5 32. bxc5 Rd3 33. c6
Rd8 34. Kf2 Kf8 35. Ra1 Rc8 36. Rxa7 Rxc6 37. Kg3 Rc2 38. Rd7 Kg7 39. Rd2 Rc3
40. Kf2 f5 41. Nd4 Kf6 42. Ne2 Rc4 43. Rd4 Rc2 44. Rd3 h5 45. Rc3 Rb2 46. Kf3
e5 47. Rc6+ Kg5 48. Rc7 Kg6 49. Rc6+ f6 50. Ke3 f4+ 51. Kf2 Kf5 52. Rd6 h4 53.
Kf3 Rb3+ 54. Kf2 Re3 55. Rd8 Rb3 56. Rh8 Kg5 57. Rg8+ 1/2-1/2

[Event "Summer TNM"]
[Site "San Francisco"]
[Date "2006.06.20"]
[Round "3"]
[White "Parker, Frank"]
[Black "Wong, Russell"]
[Result "0-1"]
[WhiteElo "1812"]
[BlackElo "2200"]
[PlyCount "46"]
[EventDate "2006.06.06"]
[EventType "swiss"]
[EventRounds "8"]
[EventCountry "USA"]

1. Nf3 d5 2. d4 Bf5 3. Bf4 e6 4. e3 c5 5. Bxb8 Qxb8 6. Bb5+ Kd8 7. Ne5 Nh6 8.
g4 Bg6 9. O-O Bd6 10. f4 c4 11. c3 f6 12. Nxg6 hxg6 13. Qf3 f5 14. gxf5 gxf5
15. b3 Qc7 16. bxc4 Qe7 17. Ba4 Kc7 18. Nd2 g5 19. fxg5 Nf7 20. Kf2 Nxg5 21.
Qe2 Ne4+ 22. Nxe4 Qh4+ 23. Kg2 Rag8+ 0-1

[Event "Summer TNM"]
[Site "San Francisco"]
[Date "2006.06.20"]
[Round "3"]
[White "Penoyer, Flyn"]
[Black "Russell, Joe"]
[Result "1/2-1/2"]
[WhiteElo "1829"]
[BlackElo "1633"]
[PlyCount "61"]
[EventDate "2006.06.06"]
[EventType "swiss"]
[EventRounds "8"]
[EventCountry "USA"]

1. d4 Nf6 2. Nc3 d5 3. e4 dxe4 4. f3 exf3 5. Qxf3 Nc6 6. Bb5 Bd7 7. Be3 e6 8.
O-O-O Bd6 9. h3 Qe7 10. Bg5 h6 11. Bh4 g5 12. Bf2 O-O-O 13. Re1 a6 14. Ba4 Bb4
15. Nge2 Na5 16. Bxd7+ Rxd7 17. Rd1 Rhd8 18. Rhf1 Bxc3 19. Qxc3 Nc6 20. Qf3 e5
21. Bg3 Nd5 22. dxe5 Nxe5 23. Qf5 Nc4 24. Rxd5 Qxe2 25. Re1 Ne3 26. Rxd7 Qxe1+
27. Bxe1 Nxf5 28. Rxf7 Ne3 29. Bd2 Nxg2 30. Rh7 Rf8 31. c4 1/2-1/2

[Event "Summer TNM"]
[Site "San Francisco"]
[Date "2006.06.20"]
[Round "3"]
[White "Purcell, Brendan"]
[Black "Chalissery, Jossy"]
[Result "1/2-1/2"]
[WhiteElo "1901"]
[BlackElo "1689"]
[PlyCount "65"]
[EventDate "2006.06.06"]
[EventType "swiss"]
[EventRounds "8"]
[EventCountry "USA"]

1. e4 d5 2. exd5 Qxd5 3. Nc3 Qa5 4. d4 Nf6 5. Bc4 c6 6. h3 Bf5 7. Nf3 e6 8. Bd2
Bb4 9. a3 Bxc3 10. Bxc3 Qc7 11. O-O Nbd7 12. b4 O-O 13. Re1 Be4 14. Bd3 Bxd3
15. Qxd3 Rad8 16. Qe2 Nd5 17. Bd2 Rfe8 18. c4 Nf4 19. Qe4 Ng6 20. Rac1 Nf6 21.
Qc2 h6 22. Be3 a6 23. a4 Rc8 24. Nd2 e5 25. Ne4 Nxe4 26. Qxe4 exd4 27. Qxd4
Rcd8 28. Qc3 Re6 29. Bd4 Rxe1+ 30. Rxe1 f6 31. Qe3 Qf7 32. Bb6 Rd7 33. Qe8+
1/2-1/2

[Event "Summer TNM"]
[Site "San Francisco"]
[Date "2006.06.20"]
[Round "3"]
[White "Riese, Kayven"]
[Black "Thornally, Frank"]
[Result "0-1"]
[WhiteElo "1770"]
[BlackElo "2200"]
[PlyCount "100"]
[EventDate "2006.06.06"]
[EventType "swiss"]
[EventRounds "8"]
[EventCountry "USA"]

1. e4 e5 2. Nf3 Nc6 3. Bb5 a6 4. Ba4 Nf6 5. O-O Nxe4 6. d4 b5 7. Bb3 d5 8. dxe5
Be6 9. c3 Bc5 10. Nbd2 O-O 11. Bc2 Nxf2 12. Rxf2 f6 13. exf6 Bxf2+ 14. Kxf2
Qxf6 15. Nf1 Ne5 16. Be3 Rae8 17. Bc5 Nxf3 18. gxf3 Rf7 19. Ng3 Bg4 20. Qd3 Qh4
21. Kg1 Bxf3 22. Rf1 Be4 23. Nxe4 Rxf1+ 24. Qxf1 dxe4 25. Be3 c5 26. Qf2 Qg4+
27. Qg2 Qf5 28. Bd1 Qd5 29. Bb3 c4 30. Bc2 Re6 31. Qh3 Rg6+ 32. Kf1 Rf6+ 33.
Ke2 h6 34. Qg4 Re6 35. Bd4 Re7 36. Ke3 Qd6 37. Qc8+ Kf7 38. Qf5+ Kg8 39. Bxe4
g6 40. Qc8+ Kf7 41. Qh3 h5 42. Qg2 Qe6 43. Qf3+ Ke8 44. Bc5 Rf7 45. Qg3 Kd7 46.
Qxg6 Rf1 47. Qg7+ Rf7 48. Qg3 Kc8 49. Qd6 Qh3+ 50. Kd2 Rd7 0-1